Central Library OPAC University of Rajshahi

Fundamentals of management / (Record no. 58875)

MARC details
000 -LEADER
fixed length control field 00829nam a2200265 a 4500
001 - CONTROL NUMBER
control field 58875
003 - CONTROL NUMBER IDENTIFIER
rucl marc code BD-RjUL
005 - DATE AND TIME OF LATEST TRANSACTION
control field 20211209080651.0
008 - FIXED-LENGTH DATA ELEMENTS--GENERAL INFORMATION
fixed length control field 161220s1987 txua b 001 0 eng
020 ## - INTERNATIONAL STANDARD BOOK NUMBER
International Standard Book Number 0256036829
035 ## - SYSTEM CONTROL NUMBER
System control number (BD-RjUL)58999
040 ## - CATALOGING SOURCE
Original cataloging agency DLC
Transcribing agency DLC
Modifying agency BD-RjUL
Language of cataloging eng
041 ## - LANGUAGE CODE
Language code of text/sound track or separate title eng
082 00 - DEWEY DECIMAL CLASSIFICATION NUMBER
Classification number 658
Edition number 23
Author mark and year DOF 1987
100 1# - MAIN ENTRY--PERSONAL NAME
Personal name Donnelly, James H.
9 (RLIN) 175077
245 10 - TITLE STATEMENT
Title Fundamentals of management /
Statement of responsibility, etc. James H. Donnelly, James L. Gibson, John M. Ivancevich.
250 ## - EDITION STATEMENT
Edition statement 6th ed.
260 ## - PUBLICATION, DISTRIBUTION, ETC. (IMPRINT)
Place of publication, distribution, etc. Plano, Tex. :
Name of publisher, distributor, etc. Business Publications,
Date of publication, distribution, etc. 1987.
300 ## - PHYSICAL DESCRIPTION
Pagination xxviii, 827 p. :
Illustrations ill. ;
Size 25 cm.
504 ## - BIBLIOGRAPHY, ETC. NOTE
Bibliography, etc Includes bibliographies and indexes.
650 #0 - SUBJECT ADDED ENTRY--TOPICAL TERM
Topical term or geographic name as entry element Management.
9 (RLIN) 172842
700 1# - ADDED ENTRY--PERSONAL NAME
Personal name Gibson, James L.
Fuller form of name (James Lawrence),
Dates associated with a name 1935-
Personal name Ivancevich, John M.
942 ## - ADDED ENTRY ELEMENTS (KOHA)
Source of classification or shelving scheme Dewey Decimal Classification
Koha item type Books
Holdings
Lost status Source of classification or shelving scheme Damaged status Not for loan Collection code Permanent Location Current Location Shelving location Date acquired Source of acquisition Total Checkouts Full call number Date last seen Copy number Koha item type
  Dewey Decimal Classification   Not For Loan Non-fiction Central Library, University of Rajshahi Central Library, University of Rajshahi Reading Room 19/06/1991 Asia foundation   658 DOF 1987 20/12/2016 C-1 Books